Länder im Plural - Statistiken

Allgemein
  • Dieses Quiz wurde 257 mal gespielt
  • Das Durchschnittsergebnis liegt bei 7 aus 10
Antwortstatistiken
Antwort % Korrekt
Seychellen
81%
Komoren
76%
Malediven
76%
Marshallinseln
71%
Bahamas
70%
Vereinigte Staaten
70%
Philippinen
69%
Salomonen
69%
Vereinigte Arabische Emirate
62%
Niederlande
49%
Keine übereinstimmenden Quizze gefunden
Verteilung der Resultate
Anzahl Personen mit jedem Resultat
Perzentil nach korrekt beantworteten Fragen
Ihre Resultats-Entwicklung
Sie haben dieses Quiz noch nicht gespielt